Normal view
MARC view
- Razevig D.V
Entry Personal Name
001 - CONTROL NUMBER
- control field: 100580
003 - CONTROL NUMBER IDENTIFIER
- control field: NUST
005 - DATE AND TIME OF LATEST TRANSACTION
- control field: 20221018112349.0
008 - FIXED-LENGTH DATA ELEMENTS
- fixed length control field: 221018|| aca||aabn | a|a d
040 ## - CATALOGING SOURCE
- Original cataloging agency: NUST
- Transcribing agency: NUST
100 ## - HEADING--PERSONAL NAME
- Personal name: Razevig D.V
670 ## - SOURCE DATA FOUND
- Source citation: Work cat.: (NUST)182241: Razevig D.V, High-voltage engineering /, 1985
